000 00622nam a2200205Ia 4500
001 7006
003 AR-BaAGN
005 20231115134433.0
007 ta
008 211213s1931 ag |||||||||||||| ||spa d
040 _aAR-BaAGN
_bspa
_eaacr
100 _aLoudet, Osvaldo,
_d1889-1983
_96616
245 1 0 _aAntecedentes, títulos y trabajos para optar al cargo de profesor titular de clínica psiquiátrica :
_bjunio de 1931
_cOsvaldo Loudet
260 _aBuenos Aires :
_bLa Semana Médica,
_c1931.
300 _a88 páginas
336 _2rdacontent
_btxt
337 _2rdamedia
_bn
338 _2rdacarrier
_bnc
942 _cLIBRO
999 _c7006
_d7006